|
|
|
|
| LEADER |
00000nab a2200000 a 4500 |
| 001 |
vtls009092739 |
| 003 |
SK-MaSNL |
| 005 |
20260305014527.0 |
| 008 |
140303c2007 xo wrzp 0 0slo |
| 015 |
|
|
|a SNBRB2007/09
|2 snkbucl
|
| 040 |
|
|
|a SNKBUCL
|b slo
|c SNKBUCL
|e AACR2
|
| 041 |
0 |
|
|a slo
|
| 044 |
|
|
|a xo
|c SK
|
| 080 |
|
|
|a 614.2:331.2
|x (437.6)
|2 1997
|
| 080 |
|
|
|a 614.2:725.51:061.22
|x (437.6)
|2 1997
|
| 080 |
|
|
|a 331.105.442
|x (437.6)
|2 1997
|
| 100 |
1 |
|
|a Janík, Branislav
|4 aut
|9 838464
|
| 245 |
1 |
0 |
|a Odborári trvajú na zvýšení miezd
|b menšie nemocnice nemajú prostriedky z poisťovní na požiadavky SOZ ZaSS
|c Branislav Janík
|
| 610 |
2 |
7 |
|a Slovenský odborový zväz zdravotníctva a sociálnych služieb
|2 snkbucl
|9 1048488
|
| 610 |
2 |
7 |
|a Asociácia nemocníc Slovenska
|2 snkbucl
|9 59502
|
| 650 |
0 |
7 |
|a mzdy
|2 snkbucl
|9 2316
|
| 650 |
0 |
7 |
|a zdravotníctvo
|2 snkbucl
|9 1269
|
| 773 |
0 |
|
|t Zdravotnícke noviny
|g Roč. XII, č. 27 (2007), s. 1-2
|x 1335-4477
|
| 852 |
|
|
|a SNK
|b KIS3GCP
|
| 958 |
|
|
|a MI
|
| 958 |
|
|
|a SK
|
| 999 |
|
|
|c 3269986
|d 3271916
|